00358nam a2200109Ia 450000500170000000800410001710000200005824500880007826000540016630000110022065000170023120260328104337.0260328s9999||||xx |||||||||||||| ||und|| aDobney, Stephen 4aThe Master Architect Series Skidmore, Owings & Merrill, 1984-1994 /cStephen Dobney b The Images Publishing Group, Ltd., Melbourne,  a254 p. aARQUITECTURA